| 000 | 00714nam a2200241Ia 4500 | ||
|---|---|---|---|
| 003 | OSt | ||
| 005 | 20220923225315.0 | ||
| 006 | a|||||r|||| 00| 0 | ||
| 007 | ta | ||
| 008 | 220922b |||||||| |||| 00| 0 hin d | ||
| 024 | _a262,611 | ||
| 037 | _cTextual | ||
| 040 |
_aARTS _cARTS _bhin |
||
| 041 |
_2hin _ahin |
||
| 082 | _aO15,6, M5 | ||
| 100 | _aविनयसागर, संपा. | ||
| 245 | 0 | _aउपमिति भव प्रपच्च कथा | |
| 246 | _aUpamiti bhav prapachcha kathā | ||
| 260 | _c1985 | ||
| 650 | _aसंस्कृत साहित्य | ||
| 942 |
_hO15,6, M5 _cTEXL _2CC |
||
| 999 |
_c377445 _d377445 |
||